Lích sử tự nhiên Việt Nam
v.v...
Đã lưu trong:
| Tác giả chính: | |
|---|---|
| Định dạng: | Sách |
| Năm xuất bản: |
New Haven; London.
YaleUniversity
2007
|
| Chủ đề: | |
| Tags: |
Thêm thẻ
Không có thẻ, Hãy là người đầu tiên gắn thẻ bản ghi này!
|
| LEADER | 00672nam a2200169 4500 | ||
|---|---|---|---|
| 082 | |a 915.97 |b ST200 R | ||
| 100 | |a STERLING, ELEANOR | ||
| 245 | |a Lích sử tự nhiên Việt Nam |c Eleanor Jane Sterling, Martha Maud Hurley, Lê Đức Minh | ||
| 260 | |a New Haven; London. |b YaleUniversity |c 2007 | ||
| 300 | |a 460tr. |c 24cm | ||
| 520 | |a v.v... | ||
| 653 | |a Địa lý tự nhiên | ||
| 653 | |a Việt Nam | ||
| 653 | |a Lịch sử | ||
| 942 | |2 ddc |c STK0 | ||
| 999 | |c 5899 |d 5899 | ||
| 952 | |0 0 |1 0 |2 ddc |4 0 |6 915_970000000000000_ST_200_R |7 0 |8 900 |9 54189 |a qbu |b qbu |c D5 |d 2014-12-30 |g 90000 |l 3 |m 2 |o 915.97 ST 200 R |p 4404.C1 |r 2016-11-03 |s 2016-10-05 |w 2014-12-30 |y STK0 |0 0 |6 915_970000000000000_ST_200_R | ||